| 000 | 02593cam a2200481 4500500 | ||
|---|---|---|---|
| 005 | 20260104103618.0 | ||
| 041 | _afre | ||
| 042 | _adc | ||
| 100 | 1 | 0 |
_aGaston, Christophe _eauthor |
| 245 | 0 | 0 | _aVasques rectangulaires à pieds en dalle dans les collections d'Autun (Saône-et-Loire) : un mobilier en pierre méconnu |
| 260 | _c2007. | ||
| 500 | _a62 | ||
| 520 | _aL’étude récente des collections lapidaires d’Autun, en Saône-et-Loire, a permis de mettre en évidence un ensemble de fragments de vasques à deux pieds en dalle rectangulaire. Ces vasques correspondent à un modèle qui reste jusqu’à présent méconnu en Gaule, alors qu’il est connu en Grèce et dans le monde romain, mais sans avoir encore bénéficié d’une étude exhaustive. Retrouvé en contexte public (thermes) ou privé ( domus, villa), ce type de mobilier, souvent taillé dans des matériaux luxueux, répondait à des principes de positionnement et de fonctionnement encore observables dans les exemplaires, remarquablement conservés, des demeures pompéiennes. | ||
| 520 | _aRectangular slab basins in the Autun collections (Saône-et-Loire). An unrecognised type of stone furniture. Recent study of the stone collections of Autun, in Saône-et-Loire, yields fragmentary evidence for two-footed stone basins standing on rectangular slab. These basins correspond to a model so far unknown in Gaul, but known in the Greek and Roman worlds. It has never been carefully studied. This type of furniture, found in public contexts (baths) or private (house or villa), and often worked in precious materials, corresponds with the principles of placing and function still to be observed in well preserved examples in Pompeian houses. | ||
| 690 | _aAutun | ||
| 690 | _aBassin | ||
| 690 | _aDélos | ||
| 690 | _aIer-IIe s. apr. J.-C. | ||
| 690 | _aJardins | ||
| 690 | _aMarbre | ||
| 690 | _aMonde gallo-romain | ||
| 690 | _aMonde grec | ||
| 690 | _aMonde romain | ||
| 690 | _aMoulures | ||
| 690 | _aPompéi | ||
| 690 | _aRome | ||
| 690 | _aThermes | ||
| 690 | _a1st-2nd centuries AD. | ||
| 690 | _aAutun | ||
| 690 | _aBasin | ||
| 690 | _aBaths | ||
| 690 | _aDelos | ||
| 690 | _aGallo-Roman world | ||
| 690 | _aGardens | ||
| 690 | _aGreek world | ||
| 690 | _aMarble | ||
| 690 | _aMouldings | ||
| 690 | _aPompeii | ||
| 690 | _aRoman world | ||
| 690 | _aRome | ||
| 786 | 0 | _nRevue archéologique | 44 | 2 | 2007-12-01 | p. 305-318 | 0035-0737 | |
| 856 | 4 | 1 | _uhttps://shs.cairn.info/revue-archeologique-2007-2-page-305?lang=fr&redirect-ssocas=7080 |
| 999 |
_c1610874 _d1610874 |
||